Los antecedentes históricos del actual período revolucionario
Guardat en:
| Autor corporatiu: | |
|---|---|
| Format: | Text |
| Publicat: |
San José:
PSC
|
| Etiquetes: |
Afegir etiqueta
Sense etiquetes, Sigues el primer a etiquetar aquest registre!
|
MARC
| LEADER | 00000 a a2200000 04500 | ||
|---|---|---|---|
| 001 | 16570 | ||
| 003 | |||
| 040 | |a CRAI/IIS |c CRAI/IIS | ||
| 090 | |a EXTRAVIADO | ||
| 110 | |a Partido Socialista Costarricense | ||
| 245 | |a Los antecedentes históricos del actual período revolucionario | ||
| 260 | |a San José: |b PSC | ||
| 300 | |a 73 p. | ||
| 999 | |c 16251 |d 16251 | ||
